000 00376nam a22001337a 4500
082 _a621.3192
_bLEW
_cL-10, P-29
100 _aLewis, Walter W.
_941434
245 _aBasic electrical circuit theory.
260 _aNew York
_bThe Ronald Press Company
300 _a650 p.:
_bill. :
_c8 Cm
526 _a0
_b0
_c0
_d621_319200000000000_LEW
650 _aMCE.
_9379
942 _2ddc
_cBK
999 _c545541
_d545541